000 00784nam a2200205Ii 4500
003 JO-AjNU
008 230605s9999||||xx |||||||||||||| ||und||
040 _aJO-AjNU
_bara
_erda
_cJO-AjNU
041 _aara
050 1 4 _aBP150.A2846.1996
100 3 _aابو زهرة، محمد,
_eauthor
_960370
245 0 0 _aتاريخ المذاهب الاسلامية في السياسة والعقائد وتاريخ المذاهب الفقهية
250 _aط1
264 3 1 _aالقاهرة: دار الفكر العربي، 1996
300 _a711ص
_bيشتمل على ارجاعات ببليوجرافية
336 _atext
_btxt
_2rdacontent
337 _aunmediated
_bn
_2rdamedia
338 _avolume
_bnc
_2rdacarrier
650 4 _aالفقه الاسلامي-المذاهب
_960371
999 _aA27218
_c30786
_d30786